The restaurant : (Record no. 344305)

000 -LEADER
fixed length control field 00985 a2200217 4500
020 ## - INTERNATIONAL STANDARD BOOK NUMBER
International Standard Book Number 0471356069
020 ## - INTERNATIONAL STANDARD BOOK NUMBER
International Standard Book Number 9780471356066
082 04 - DEWEY DECIMAL CLASSIFICATION NUMBER
Classification number 647.95068
090 ## - LOCALLY ASSIGNED LC-TYPE CALL NUMBER (OCLC); LOCAL CALL NUMBER (RLIN)
-- 1794
-- 1794
100 1# - MAIN ENTRY--PERSONAL NAME
Personal name Walker, John R.
245 14 - TITLE STATEMENT
Title The restaurant :
Remainder of title from concept to operation /
Statement of responsibility, etc. John R. Walker.
250 ## - EDITION STATEMENT
Edition statement 3nd ed.
260 ## - PUBLICATION, DISTRIBUTION, ETC.
Place of publication, distribution, etc. [S.l.] :
Name of publisher, distributor, etc. Wiley,
Date of publication, distribution, etc. 2000.
300 ## - PHYSICAL DESCRIPTION
Extent 440 p. ;
Dimensions 26 cm.
500 ## - GENERAL NOTE
General note Hardcover.
520 ## - SUMMARY, ETC.
Summary, etc. Recently, there has been an explosion of restaurant openings. The National Restaurant Association predicts that this will continue into this century. Information on starting and operating a restaurant will be of great use to career changers and chefs not formally educated in restaurant management.
700 1# - ADDED ENTRY--PERSONAL NAME
Personal name Lundberg, Donald E.
856 40 - ELECTRONIC LOCATION AND ACCESS
Materials specified Amazon.com
Uniform Resource Identifier <a href="http://www.amazon.com/exec/obidos/ASIN/0471356069/chopaconline-20">http://www.amazon.com/exec/obidos/ASIN/0471356069/chopaconline-20</a>
856 40 - ELECTRONIC LOCATION AND ACCESS
Materials specified Amazon customer reviews
Uniform Resource Identifier <a href="http://www.chopac.org/cgi-bin/tools/azrev.pl?q=0471356069">http://www.chopac.org/cgi-bin/tools/azrev.pl?q=0471356069</a>
942 ## - ADDED ENTRY ELEMENTS (KOHA)
Institution code [OBSOLETE] NBS
Koha item type Book
Call number prefix 647.95068 JON
Holdings
Withdrawn status Lost status Damaged status Not for loan Permanent Location Current Location Date acquired Total Checkouts Full call number Barcode Date last seen Date last checked out Price effective from Koha item type
        Central Library (CL) Central Library (CL) 08/28/2013 1 647.95068 JON NBS6411 10/10/2019 06/08/2018 08/28/2013 Book
© 2023 Central Library, National University of Sciences and Technology. All Rights Reserved.